Представление документа в формате MARC21

Поле Инд. ПП Название Значение
Тип записи a
Библиографический уровень b
001 Контрольный номер RU/IS/BASE/504113571
005 Дата корректировки 20200625211624.0
008 Кодируемые данные 20151222
040 b Код языка каталог. rus
e Правила каталог. PSBO
041 0_ a Код языка текста rus
084 a Индекс другой классификации/Индекс ББК 67.00; 67.021; 60.027.1
245 01 a Заглавие [Гражданское общество]
b Продолж. заглавия [подборка статей]
504 a Библиография Лит.
505 a Форматированное содержание Гражданское общество и его культура: опыт критического анализа
b Автор Федоровский А. П.
505 0_ a Форматированное содержание Гражданское общество (к вопросу о формировании правовой теории)
b Автор Рудковский В. А.
505 0_ a Форматированное содержание Правовые презумпции в российском социально-правовом пространстве: введение в проблему
b Автор Мордовцев А. Ю.
b Автор Угренинова Е. А.
650 a Основная рубрика право
a Основная рубрика социальная философия
a Основная рубрика теория права
a Основная рубрика философия
a Основная рубрика философия права
653 a Ключевые слова государственная власть
a Ключевые слова государство
a Ключевые слова гражданское общество
a Ключевые слова закон
a Ключевые слова культура
a Ключевые слова личность
a Ключевые слова массовая коммуникация
a Ключевые слова общественное развитие
a Ключевые слова общественное сознание
a Ключевые слова общество
a Ключевые слова права человека
a Ключевые слова правовая культура
a Ключевые слова правовая презумпция
a Ключевые слова правовая система
a Ключевые слова правовое пространство
a Ключевые слова правовое регулирование
a Ключевые слова правовой менталитет
a Ключевые слова правовые нормы
a Ключевые слова правопорядок (правовой порядок)
a Ключевые слова Россия
a Ключевые слова свобода
a Ключевые слова социальное действие
a Ключевые слова социальное управление
a Ключевые слова социокультурный кризис
a Ключевые слова сценарии развития общества
a Ключевые слова достоинство человека
a Ключевые слова юридическая техника
a Ключевые слова юридическое самоопределение
700 1_ a Автор Федоровский А. П.
700 1_ a Автор Рудковский В. А.
700 1_ a Автор Мордовцев А. Ю.
700 1_ a Автор Угренинова Е. А.
773 t Заглавие источника Философия права
d Дата издания источника 2014
g Прочая информация № 6. - С. 38 - 51
w Контрольный № источника RU/IS/BASE/501955861
901 t Тип документа b